Kraje które graniczą tylko z jednym krajem. - Statystyki

Ogólne statystyki
  • Ten quiz został rozwiązany 234 razy
  • Średni wynik to 11 z 17
Statystyki odpowiedzi
Odpowiedź % Poprawnych
Portugalia
83%
Kanada
79%
Watykan
79%
Irlandia
76%
San Marino
76%
Korea Południowa
75%
Lesotho
66%
Wielka Brytania
64%
Dania
60%
Dominikana
59%
Monako
59%
Haiti
58%
Papua Nowa Gwinea
57%
Katar
49%
Gambia
46%
Brunei
44%
Timor Wschodni
44%
Nie znaleziono quizów pasujących do podanych kryteriów
Rozkład punktacji
Procent ludzi z każdym wynikiem
Percentyl według liczby udzielonych odpowiedzi
Twoja historia wyników
Nie rozwiązałeś tego quizu